1670 1785 1399 1973 1447 1311 1809 1481 1912 1377 1754 1962 1088 1405 1810 1448 1979 1710 1977 1586 1790 1750 1098 1672 1105 1603 1240 1350 1940 1156 1431 1230 1837 1786 1621 1237 1268 1009 1218 1376 1732 1183 1544 1300 1288 1233 1060 1128 1402 1712 1286 1435 1938 1922 1126 1480 1276 1829 1197 1304 1586 1204 1000 1545 1247 1427 1206 1087 1306 1300 1306 1289 1443 1403 1248 1126 1245 1481 1663 1649 1283 1443 1938 1634 1540 1676 1714 1429 1083 1798 1540 1164 1254 1030 1672 1827 1757 1444 1801 BCNSPRNW ULIB Ver.6.0+V

เปลี่ยนเป็นภาษาไทย

Change to English
 แสดงรายละเอียดบรรณานุกรม
  กลับหน้าหลัก

Brief Record : Get Marc (ISO 2709) : E-mail record : QR code < ปิดหน้าต่าง
LEADER : 00000nam 2200000uu 4500
001    13399120229
003     ULIB
008    020711s2545 th a 000 0 tha d
020    9789740864202
060  4 ^aQS4^bบ813ก
100    แฟรงคลิน วัตต์ส
245    ร่างกายของมนุษย์ การรับรู้/^cแฟรงคลิน วัตต์ส
260    กรุงเทพฯ :^bไทยวัฒนาพานิช,^c2545
650    ระบบประสาท^xการสัมผัส
945    ^p0^l0^i24798
999    ^aทศพร เกษรทอง
รายการนี้ยังไม่มีแท็ก
คุณยังไม่ได้ล็อกอิน คุณสามารถมีกิจกรรมร่วมกับเว็บไซต์ได้ แต่ต้องล็อกอินก่อน ::
  ล็อกอิน

รายการสื่อสารสนเทศ

ลำดับที่ ประเภท เลขเรียก/บาร์โค้ด สถานที่ สถานะ
1. วิทยาศาสตร์การแพทย์ และสุขภาพ
วิทยาศาสตร์การแพทย์ และสุขภาพ
QS4 บ813ก  
  Barcode: 24798
ห้องสมุดวิทยาเขตสวรรค์ประชารักษ์
►หนังสือทั่วไป
บนชั้น

BibComment


ยังไม่เคยถูกคอมเมนท์

คอมเมนท์ทรัพยากรรายการนี้
  คอมเมนท์: ร่างกายของมนุษย์ ..


 Copyright 2026. Bcnsprnw @Library